| 000 | 00342nam a2200133Ia 4500 | ||
|---|---|---|---|
| 008 | 220204s9999 xx 000 0 und d | ||
| 082 |
_aNR:62TSR _bRRM.14 |
||
| 100 | _aNg Yu Tong | ||
| 245 | 0 | _aConsumer reaction on SMR | |
| 260 |
_aKuala Lumpur _bRRIM _c1985 |
||
| 490 | _aRRIM Technology series report No. 14 | ||
| 650 | _aSMR | ||
| 942 | _cBK | ||
| 999 |
_c43411 _d43411 |
||